000 00874nam a2200301Ia 4500
003 OSt
005 20221006152219.0
006 a|||||r|||| 00| 0
007 ta
008 221006b |||||||| |||| 00| 0 eng d
020 _a9780521527880
_c995.00
024 _a25,440
037 _cTextual
040 _aEASL
_cEASL
_beng
041 _2eng
_aeng
082 _aQ8412.N9, P3
100 _aBELL Daniel A Ed.
_9454236
245 0 _aConfucianism for the modern world
260 _aCambridge
_bCambridge University Press
_c2003
300 _axiii, 383p.
_ccm.
490 _v Gen
650 _a confucianism and law
_9660838
650 _a Gen
650 _aConfucianism and wprld politics
_9660839
700 _a CHAIBONG Hahm Ed.
_9454237
942 _hQ8412.N9, P3
_cTEXL
_2CC
999 _c1093526
_d1093526